| 000 | 00701nam a2200205 i 4500 | ||
|---|---|---|---|
| 001 | 59223 | ||
| 003 | ES-MaACL | ||
| 005 | 20251014063122.0 | ||
| 007 | t| | ||
| 008 | 031028q19101919sp ||||1| spa d | ||
| 100 | 1 |
_aEmerson, Ralph Waldo, _d1803-1882 _947147 |
|
| 245 | 1 | 0 |
_aSociedad y soledad / _cRalph Waldo Emerson ; traducción del inglés y prólogo por Enrique Massaguer. |
| 260 |
_aBarcelona : _bMinerva, _c[191-] |
||
| 300 |
_aXXIII, 269 p. ; _c18 cm. |
||
| 490 | 1 | _aBiblioteca cultura moderna y contemporánea | |
| 700 | 1 |
_aMassaguer, Enrique. _978787 |
|
| 830 | 0 |
_aBiblioteca cultura moderna y contemporánea _9230509 |
|
| 852 |
_aES-MaACL _jF-610 |
||
| 999 |
_c59223 _d59223 |
||